[Event "Bicaz City Cup 2020"]
[Site "Bicaz ROU"]
[Date "2020.03.07"]
[Round "4.15"]
[White "Ienasoaie, Gabriel"]
[Black "Stegariu, Alexandru"]
[Result "0-1"]
[WhiteElo "1685"]
[BlackElo "2129"]
[PlyCount "83"]
[EventDate "2020.03.05"]

1. d4 Nf6 2. c4 g6 3. Nc3 d5 4. cxd5 Nxd5 5. e3 Bg7 6. Bc4 Nb6 7. Bb3 O-O 8.
Bd2 Na6 9. Nce2 c5 10. Bc3 Nd5 11. Qd2 b5 12. e4 Nf6 13. e5 Ne4 14. Qe3 Bb7 15.
f3 Nxc3 16. bxc3 Qa5 17. Kf2 b4 18. cxb4 cxd4 19. bxa5 dxe3+ 20. Kxe3 Bxe5 21.
Rb1 Nc5 22. Nh3 Rfd8 23. Nf2 Ba6 24. Ng4 Rd3+ 25. Kf2 Rd2 26. Rhe1 Bc3 27. Kf1
Bxa5 28. Ne5 Nxb3 29. axb3 Rd5 30. b4 Bxb4 31. Rxb4 Rxe5 32. Kf2 Rc8 33. Nd4
Rxe1 34. Kxe1 e5 35. Nb3 Rc2 36. Nd2 Ra2 37. h4 Kg7 38. g4 f5 39. g5 h6 40. Nc4
hxg5 41. hxg5 Rg2 42. Nxe5 0-1

[Event "Bicaz City Cup 2020"]
[Site "Bicaz ROU"]
[Date "2020.03.07"]
[Round "5.10"]
[White "Stegariu, Alexandru"]
[Black "Sachilaru, Alexandru"]
[Result "1/2-1/2"]
[WhiteElo "2129"]
[BlackElo "1745"]
[PlyCount "84"]
[EventDate "2020.03.05"]

1. d4 Nf6 2. c4 g6 3. Nc3 Bg7 4. e4 d6 5. Nf3 O-O 6. Be2 Nbd7 7. O-O e5 8. Re1
h6 9. Bf1 Ne8 10. Rb1 a5 11. a3 c6 12. b4 Nc7 13. d5 c5 14. Nb5 Nxb5 15. cxb5
f5 16. bxa5 Rxa5 17. Nd2 Nf6 18. Nc4 Ra8 19. exf5 Bxf5 20. Bd3 Bxd3 21. Qxd3
Kh7 22. f3 Nh5 23. Re4 Qe7 24. Qc2 Rad8 25. Re1 Qf7 26. Qd3 Nf6 27. Rd1 e4 28.
fxe4 Nxe4 29. Rf1 Qxf1+ 30. Qxf1 Rxf1+ 31. Kxf1 Nc3 32. Rb3 Nxd5 33. Rd3 Bd4
34. Bb2 Rf8+ 35. Ke1 Nf4 36. Rd2 Bxb2 37. Nxb2 Re8+ 38. Kd1 Rd8 39. Rf2 Rf8 40.
Rd2 Rd8 41. Rf2 Rf8 42. Rd2 Rd8 1/2-1/2

[Event "Targu Mures Open"]
[Site "?"]
[Date "2019.10.20"]
[Round "?"]
[White "Banzea, Alexandru Bogdan"]
[Black "Stegariu, Alexandru"]
[Result "1-0"]
[WhiteElo "2389"]
[BlackElo "2146"]
[PlyCount "87"]
[EventDate "2019.??.??"]

1. e4 e5 2. Nf3 Nc6 3. Bb5 a6 4. Ba4 Nf6 5. O-O b5 6. Bb3 Be7 7. Re1 O-O 8. a4
b4 9. a5 d6 10. d3 Na7 11. Nbd2 c5 12. Nc4 Be6 13. Nb6 Bxb3 14. Nxa8 Bxc2 15.
Qxc2 Qxa8 16. Be3 Nc6 17. Nd2 Ne8 18. g3 Nc7 19. f4 Nb5 20. Nf3 Bf6 21. f5 Qd8
22. g4 Nbd4 23. Bxd4 exd4 24. Kh1 Bg5 25. Qc4 Nb8 26. Qd5 Bf4 27. e5 dxe5 28.
Qxd8 Rxd8 29. Nxe5 Kf8 30. Re4 Be3 31. Nc4 Bg5 32. Rae1 Nc6 33. b3 g6 34. fxg6
hxg6 35. Rf1 Re8 36. Rxe8+ Kxe8 37. Kg2 f6 38. Kg3 Ke7 39. h4 Be3 40. Kf3 Ke6
41. Ke4 Bh6 42. g5 f5+ 43. Kf4 Bg7 44. Re1+ 1-0

[Event "Targu Mures Open"]
[Site "?"]
[Date "2019.10.18"]
[Round "?"]
[White "Szilveszter, Sandor"]
[Black "Stegariu, Alexandru"]
[Result "0-1"]
[WhiteElo "1672"]
[BlackElo "2146"]
[PlyCount "102"]
[EventDate "2019.??.??"]

1. e4 c5 2. Nf3 e6 3. d4 cxd4 4. Nxd4 a6 5. Bd3 Bc5 6. Nb3 Ba7 7. O-O Ne7 8.
Bg5 d6 9. Nc3 Nbc6 10. Kh1 e5 11. f4 f6 12. Bh4 exf4 13. Qh5+ Ng6 14. e5 Ncxe5
15. Bxg6+ Nxg6 16. Rae1+ Be3 17. Rxf4 O-O 18. Qd5+ Kh8 19. Re4 Ba7 20. Bg3 Ne5
21. Bxe5 dxe5 22. Qc4 Bf5 23. R4e2 Qe7 24. Nd5 Qf7 25. Ne3 Bxe3 26. Qxf7 Rxf7
27. Rxe3 Bxc2 28. Nc5 b6 29. Nd3 Rd7 30. Nb4 Bf5 31. a3 a5 32. Na2 Rd2 33. R3e2
Rad8 34. h3 b5 35. b4 axb4 36. Nxb4 h5 37. Nc6 Rxe2 38. Rxe2 Rd3 39. Na7 Bd7
40. Rb2 b4 41. Rxb4 Rxa3 42. Rb7 Rd3 43. Kg1 Kh7 44. Kf2 Kg6 45. Rc7 Kf5 46.
Nc8 Bxc8 47. Rxc8 Rd2+ 48. Kf3 h4 49. g4+ hxg3 50. Kxg3 Rd3+ 51. Kg2 Kf4 0-1

[Event "Bacau City Cup 2015"]
[Site "Bacau, Pensiunea "]
[Date "2015.09.12"]
[Round "4.4"]
[White "Stegariu, Alexandru"]
[Black "Patrascu, Catalin  Lucian"]
[Result "1/2-1/2"]
[WhiteElo "2157"]
[BlackElo "2212"]
[PlyCount "48"]
[EventDate "2015.09.10"]
[EventRounds "7"]

1. c4 Nf6 2. g3 e6 3. Bg2 d5 4. d4 Be7 5. Nf3 O-O 6. O-O c6 7. Nbd2 b6 8. Qc2
Bb7 9. e4 Na6 10. Rd1 Rc8 11. b3 c5 12. exd5 exd5 13. Bb2 Nb4 14. Qc3 dxc4 15.
dxc5 Nbd5 16. Qxc4 Rxc5 17. Qd3 Qc8 18. Rac1 Nb4 19. Qb1 Rd8 20. Bd4 Nd3 21.
Rxc5 Nxc5 22. Nc4 Qa8 23. Nh4 Bxg2 24. Nxg2 Na6 1/2-1/2

[Event "Bacau City Cup 2015"]
[Site "Bacau, Pensiunea "]
[Date "2015.09.11"]
[Round "3.1"]
[White "Martian, Dragos Daniel"]
[Black "Stegariu, Alexandru"]
[Result "1/2-1/2"]
[WhiteElo "2246"]
[BlackElo "2157"]
[PlyCount "68"]
[EventDate "2015.09.10"]
[EventRounds "7"]

1. e4 Nc6 2. Nf3 d6 3. d4 Nf6 4. Nc3 g6 5. h3 Bg7 6. Be3 O-O 7. Qd2 e5 8. dxe5
Nxe5 9. Nxe5 dxe5 10. Bd3 Qe7 11. g4 c6 12. f3 Be6 13. h4 Nd7 14. O-O-O b5 15.
Kb1 Nb6 16. Qf2 Rfc8 17. Bc5 Qb7 18. h5 g5 19. h6 Bf8 20. Bxf8 Kxf8 21. Qc5+
Qe7 22. Qxe7+ Kxe7 23. Ne2 c5 24. c3 c4 25. Bc2 Rd8 26. Kc1 Rxd1+ 27. Rxd1 Rd8
28. Re1 Nd7 29. Ng3 Nc5 30. Nf1 f6 31. Ne3 Kf7 32. Rh1 Kg6 33. Rh2 Rd7 34. Rh1
Nd3+ 1/2-1/2

[Event "Bacau City Cup 2015"]
[Site "Bacau, Pensiunea "]
[Date "2015.09.11"]
[Round "2.6"]
[White "Stegariu, Alexandru"]
[Black "Madin, Ovidiu-Andrei"]
[Result "1-0"]
[WhiteElo "2157"]
[BlackElo "1770"]
[PlyCount "71"]
[EventDate "2015.09.10"]
[EventRounds "7"]

1. c4 e5 2. Nc3 f5 3. e4 d6 4. g3 Nf6 5. Bg2 c6 6. d4 exd4 7. Qxd4 Qa5 8. Bd2
Qe5 9. Qxe5+ dxe5 10. Nf3 Bd6 11. O-O fxe4 12. Ng5 h6 13. Ngxe4 Bc7 14. Nxf6+
gxf6 15. Ne4 f5 16. Nc5 b6 17. Nd3 Bb7 18. Bc3 Nd7 19. Rfe1 O-O-O 20. Nxe5 Nxe5
21. Bxe5 Bxe5 22. Rxe5 f4 23. Re7 fxg3 24. hxg3 Rd2 25. Rae1 Rhd8 26. R1e2 R2d6
27. Rf7 Kb8 28. Ree7 Bc8 29. Rxa7 Bd7 30. Ra3 Be6 31. Rfa7 Kc8 32. Rh7 Bd7 33.
Bh3 Kb7 34. Re3 Kc8 35. Rxd7 R8xd7 36. Re7 1-0

[Event "Bacau City Cup 2015"]
[Site "Bacau, Pensiunea "]
[Date "2015.09.10"]
[Round "1.6"]
[White "Lupusoru, Costica"]
[Black "Stegariu, Alexandru"]
[Result "0-1"]
[WhiteElo "1569"]
[BlackElo "2157"]
[PlyCount "82"]
[EventDate "2015.09.10"]
[EventRounds "7"]

1. e4 c5 2. d3 Nc6 3. Be3 e6 4. Nf3 d6 5. Be2 g6 6. O-O Bg7 7. c3 Nge7 8. Ng5
h6 9. Nh3 e5 10. Bg4 f5 11. exf5 Nxf5 12. Nd2 O-O 13. Ne4 Qe7 14. Ng3 Kh7 15.
Qe2 Be6 16. Bd2 b5 17. f4 Nxg3 18. hxg3 Rae8 19. Bxe6 Qxe6 20. a3 Qb3 21. Be3
b4 22. Qf3 e4 23. dxe4 bxc3 24. bxc3 Qxc3 25. Rfc1 Qxe3+ 26. Qxe3 Bd4 27. Qxd4
Nxd4 28. Kf2 Nb3 29. Ke3 Nxa1 30. Rxa1 Rb8 31. Rd1 Rb3+ 32. Rd3 Rfb8 33. Nf2 c4
34. Rxb3 cxb3 35. Nd3 b2 36. Nxb2 Rxb2 37. Kd4 Rxg2 38. Kd5 Rxg3 39. Kxd6 h5
40. e5 h4 41. e6 h3 0-1

[Event "OPEN IASI 2014"]
[Site "OPEN IASI 2014"]
[Date "2014.05.14"]
[Round "5.30"]
[White "Stegariu, Alexandru"]
[Black "Bok, Benjamin"]
[Result "0-1"]
[WhiteElo "2113"]
[BlackElo "2605"]
[PlyCount "90"]
[EventDate "2014.??.??"]

1. d4 Nf6 2. c4 e6 3. Nf3 Bb4+ 4. Nbd2 d5 5. e3 O-O 6. Bd3 dxc4 7. Bxc4 b6 8.
O-O Bb7 9. a3 Bd6 10. Qc2 Nbd7 11. b4 e5 12. Bb2 e4 13. Ne5 Qe7 14. Nxd7 Nxd7
15. Rfe1 a6 16. b5 axb5 17. Bxb5 Nf6 18. Bc6 Bxc6 19. Qxc6 Qe6 20. Rec1 Ra5 21.
Qc4 Qg4 22. d5 Rxd5 23. h3 Qg6 24. Bxf6 Rxd2 25. Bc3 Rd3 26. Bb4 c5 27. Be1 h5
28. a4 h4 29. a5 bxa5 30. Rxa5 Re8 31. Ra4 Re5 32. Kf1 Kh7 33. Bc3 Re6 34. Ba5
Qh5 35. Qc2 Qf5 36. Ke2 Qh5+ 37. Kf1 Qf5 38. Ke2 Rd5 39. Be1 Qg6 40. Kf1 Rg5
41. f4 exf3 42. Qxg6+ Kxg6 43. gxf3 Rxe3 44. Rc3 Rxc3 45. Bxc3 Rg3 0-1

[Event "OPEN IASI 2014"]
[Site "OPEN IASI 2014"]
[Date "2014.05.13"]
[Round "4.53"]
[White "Ognean, Mihnea Ionut"]
[Black "Stegariu, Alexandru"]
[Result "0-1"]
[WhiteElo "1794"]
[BlackElo "2113"]
[PlyCount "38"]
[EventDate "2014.??.??"]

1. e4 c5 2. c3 Qa5 3. Nf3 Nc6 4. Na3 e6 5. Nc4 Qc7 6. d4 cxd4 7. cxd4 d5 8.
exd5 exd5 9. Nce5 Bd6 10. Bb5 Qa5+ 11. Bd2 Qxb5 12. Nxc6 bxc6 13. Rc1 Nf6 14.
Qc2 Bd7 15. a4 Qa6 16. Ne5 O-O 17. Nxd7 Nxd7 18. Qxc6 Rfe8+ 19. Be3 Bb4+ 0-1

[Event "OPEN IASI 2014"]
[Site "OPEN IASI 2014"]
[Date "2014.05.12"]
[Round "3.26"]
[White "Stegariu, Alexandru"]
[Black "Halkias, Stelios"]
[Result "0-1"]
[WhiteElo "2113"]
[BlackElo "2530"]
[PlyCount "46"]
[EventDate "2014.??.??"]

1. d4 f5 2. c4 Nf6 3. Nc3 e6 4. Nf3 Bb4 5. Qc2 O-O 6. e3 b6 7. Be2 Bb7 8. O-O
Bxc3 9. Qxc3 Ne4 10. Qd3 Rf6 11. b3 d6 12. Bb2 Nd7 13. Ne1 Rh6 14. g3 Qe8 15.
Bf3 Ndf6 16. Bg2 Rxh2 17. Kxh2 Ng4+ 18. Kg1 Qh5 19. Nf3 Nc5 20. Qc2 Bxf3 21.
Rfc1 Qh2+ 22. Kf1 Qxg2+ 23. Ke1 Ne4 0-1

[Event "OPEN IASI 2014"]
[Site "Iasi"]
[Date "2014.05.11"]
[Round "2.27"]
[White "Vedmediuc, Serghei"]
[Black "Stegariu, Alexandru"]
[Result "1/2-1/2"]
[WhiteElo "2448"]
[BlackElo "2113"]
[PlyCount "58"]
[EventDate "2014.??.??"]

1. e4 c5 2. Nf3 e6 3. d4 cxd4 4. Nxd4 a6 5. Bd3 Qc7 6. O-O b5 7. Nc3 Nc6 8.
Nxc6 dxc6 9. f4 Bc5+ 10. Kh1 e5 11. a4 Rb8 12. axb5 axb5 13. Qe1 Nf6 14. fxe5
Ng4 15. Qg3 Bd4 16. Bf4 Be6 17. Nd5 Qd7 18. c3 Bf2 19. Rxf2 Nxf2+ 20. Qxf2 cxd5
21. Qg3 Kf8 22. Be3 Qc6 23. exd5 Qxd5 24. h3 h5 25. Rd1 h4 26. Qf2 Rc8 27. b4
Qxe5 28. Bc5+ Kg8 29. Bxb5 Qxc3 1/2-1/2

[Event "OPEN IASI 2014"]
[Site "Iasi"]
[Date "2014.05.10"]
[Round "1.80"]
[White "Stegariu, Alexandru"]
[Black "Hriscu, Alexandru Gabriel"]
[Result "1-0"]
[WhiteElo "2113"]
[BlackElo "1586"]
[PlyCount "77"]
[EventDate "2014.??.??"]

1. Nf3 c5 2. g3 Nf6 3. Bg2 g6 4. O-O Bg7 5. d3 O-O 6. Nc3 Nc6 7. a3 Rb8 8. e4
d6 9. Bd2 b5 10. Qe1 a5 11. Nd5 a4 12. Bc3 Nd4 13. Nxd4 cxd4 14. Bxd4 Nxd5 15.
Bxg7 Kxg7 16. exd5 Qc7 17. c3 Bb7 18. Qe3 Ba8 19. Rfe1 Rfe8 20. Re2 Qb7 21. f4
Qd7 22. Rae1 Rbc8 23. Qd4+ f6 24. Re6 Rc5 25. g4 Kf7 26. g5 f5 27. R1e3 Qd8 28.
h4 Bb7 29. h5 Rc7 30. hxg6+ hxg6 31. Rh3 Rg8 32. Rh7+ Kf8 33. Qe3 Bc8 34. Qh3
Ke8 35. Qh6 Bxe6 36. dxe6 Qc8 37. Qxg6+ Rxg6 38. Rh8+ Rg8 39. Rxg8# 1-0

[Event "Romanian Team National Championship 201"]
[Site "Olanesti"]
[Date "2012.10.12"]
[Round "7.6"]
[White "Barbuleanu, Serban-Ioan"]
[Black "Stegariu, Alexandru"]
[Result "1/2-1/2"]
[WhiteElo "1886"]
[BlackElo "2129"]
[PlyCount "135"]
[EventDate "2012.10.06"]
[EventRounds "9"]
[WhiteTeam "Sah Club Oltenia Craiova"]
[BlackTeam "Muncitorul Resita"]

1. e4 c5 2. c3 d5 3. exd5 Qxd5 4. d4 Nf6 5. Nf3 Nc6 6. Be3 cxd4 7. cxd4 e6 8.
Nc3 Qd8 9. Bd3 Be7 10. O-O O-O 11. a3 b6 12. Qe2 Bb7 13. Rad1 Rc8 14. Bg5 Nd5
15. Qe4 g6 16. Bh6 Nxc3 17. bxc3 Re8 18. a4 Na5 19. Qg4 Bxf3 20. Qxf3 Bg5 21.
Bxg5 Qxg5 22. Ba6 Rc7 23. d5 exd5 24. Rxd5 Re5 25. Rd4 Nc6 26. h4 Qe7 27. Rc4
Rf5 28. Qg3 Re5 29. Qf3 Na5 30. Rxc7 Qxc7 31. Rd1 Re8 32. Qf6 Qe7 33. Qf4 Rd8
34. Rxd8+ Qxd8 35. Bc4 Qe7 36. Bb5 Nb3 37. Kh2 Nc5 38. Qb8+ Kg7 39. Qf4 Qf6 40.
Qd4 Ne6 41. Qxf6+ Kxf6 42. Kg3 Ke5 43. Kf3 Nc7 44. Bc6 Nd5 45. c4 Nb4 46. Be8
f6 47. Ke3 Nc2+ 48. Kd2 Nd4 49. Kd3 Ne6 50. g3 g5 51. hxg5 fxg5 52. f3 Ng7 53.
Bd7 Nh5 54. g4 Nf4+ 55. Ke3 h6 56. Be8 Ne6 57. Bd7 Nc5 58. Be8 Nb3 59. Bf7 Nd4
60. Be8 Nb3 61. Bf7 Na5 62. Bd5 Nb3 63. Bf7 Nc5 64. Be8 Nb7 65. Bc6 Nd6 66. Bd5
a6 67. Bg8 Nb7 68. Bf7 1/2-1/2

[Event "Romanian Team National Championship 201"]
[Site "Olanesti"]
[Date "2012.10.09"]
[Round "4.6"]
[White "Stegariu, Alexandru"]
[Black "Anuta, Laurentiu "]
[Result "1/2-1/2"]
[WhiteElo "2129"]
[BlackElo "2064"]
[Annotator "Doe,John"]
[PlyCount "25"]
[EventDate "2012.10.06"]
[EventRounds "9"]
[WhiteTeam "Muncitorul Resita"]
[BlackTeam "Conpet Ploiesti"]

1. c4 Nf6 2. Nc3 e6 3. Nf3 d5 4. d4 c6 5. e3 Bd6 6. Bd3 Nbd7 7. O-O dxc4 8.
Bxc4 O-O 9. e4 Be7 10. a4 c5 11. e5 Ng4 12. h3 (12. Bf4 $1 $14) 12... cxd4 13.
hxg4 $11 1/2-1/2

[Event "Romanian Team National Championship 201"]
[Site "Olanesti"]
[Date "2012.10.08"]
[Round "3.6"]
[White "Martian, Dragos Daniel"]
[Black "Stegariu, Alexandru"]
[Result "1-0"]
[WhiteElo "2125"]
[BlackElo "2129"]
[PlyCount "66"]
[EventDate "2012.10.06"]
[EventRounds "9"]
[WhiteTeam "Sah Club Galati"]
[BlackTeam "Muncitorul Resita"]

1. e4 c5 2. c3 d5 3. exd5 Qxd5 4. d4 Nf6 5. Nf3 e6 6. a3 cxd4 7. cxd4 Nc6 8.
Nc3 Qd6 9. Bd3 Be7 10. Be3 O-O 11. O-O b6 12. Qe2 Bb7 13. Rad1 Rac8 14. Rfe1
Rfe8 15. h3 Qb8 16. Ne4 Nxe4 17. Bxe4 Bf6 18. Bg5 Bxg5 19. Bxh7+ Kxh7 20. Nxg5+
Kg8 21. Qh5 Qf4 22. d5 Qf5 23. g4 Qf6 24. d6 g6 25. Qh7+ Kf8 26. Qh6+ Qg7 27.
Qxg7+ Kxg7 28. d7 Kf6 29. dxc8=Q Rxc8 30. Nxf7 Rc7 31. Nd6 Ke7 32. Nxb7 Rxb7
33. Kg2 Ke8 1-0

[Event "Romanian Team National Championship 201"]
[Site "Olanesti"]
[Date "2012.10.07"]
[Round "2.6"]
[White "Stegariu, Alexandru"]
[Black "Bacila, Mihai"]
[Result "1-0"]
[WhiteElo "2129"]
[BlackElo "1621"]
[PlyCount "73"]
[EventDate "2012.10.06"]
[EventRounds "9"]
[WhiteTeam "Muncitorul Resita"]
[BlackTeam "Sah Club Deva"]

1. d4 d6 2. Nf3 Nf6 3. c4 Nbd7 4. Nc3 e5 5. e4 Be7 6. Be2 O-O 7. O-O c6 8. Rb1
a5 9. Re1 Qc7 10. Bf1 Re8 11. a3 h6 12. b4 axb4 13. axb4 b6 14. b5 c5 15. dxe5
dxe5 16. Nd5 Nxd5 17. exd5 Bd6 18. Bd3 Nf6 19. Qc2 Bd7 20. Bb2 Re7 21. Bf5 Rae8
22. Nh4 Qb8 23. Bxd7 Rxd7 24. Nf5 Bc7 25. Qd3 e4 26. Qh3 Be5 27. d6 Bxb2 28.
Rxb2 h5 29. Qh4 Re6 30. Ra2 g6 31. Rea1 Kh7 32. Ra8 Qb7 33. Rf8 Rexd6 34. h3
Rd1+ 35. Rxd1 Rxd1+ 36. Kh2 gxf5 37. Qxf6 1-0

[Event "Romanian Team National Championship 201"]
[Site "Olanesti"]
[Date "2012.10.06"]
[Round "1.6"]
[White "Atomei, Cristian"]
[Black "Stegariu, Alexandru"]
[Result "1/2-1/2"]
[WhiteElo "1924"]
[BlackElo "2129"]
[PlyCount "57"]
[EventDate "2012.10.06"]
[EventRounds "9"]
[WhiteTeam "Sah Club 82-83 Bucuresti"]
[BlackTeam "Muncitorul Resita"]

1. e4 c5 2. Nc3 e6 3. Nf3 d6 4. d4 cxd4 5. Nxd4 Nf6 6. Be3 a6 7. a4 b6 8. f3
Bb7 9. Qd2 Nbd7 10. Be2 Qc7 11. O-O Be7 12. Rfd1 Ne5 13. Nb3 O-O 14. a5 b5 15.
Bb6 Qc8 16. Qd4 Nfd7 17. Qf2 Nxb6 18. axb6 Nd7 19. Na5 d5 20. Kh1 Bc5 21. Qh4
d4 22. Na2 Bxb6 23. Nxb7 Qxb7 24. f4 Rac8 25. e5 g6 26. Rd3 Rfd8 27. Rh3 Nf8
28. Bf3 Qc7 29. Be4 1/2-1/2

[Event "Arad PAB Romania Open 2012"]
[Site "Arad"]
[Date "2012.07.31"]
[Round "6.30"]
[White "Sandru, Nicolae"]
[Black "Stegariu, Alexandru"]
[Result "0-1"]
[WhiteElo "1893"]
[BlackElo "2137"]
[Annotator ",cipri"]
[PlyCount "63"]
[EventDate "2012.??.??"]

1. e4 c5 2. Nf3 e6 3. d4 cxd4 4. Nxd4 a6 5. c4 Nf6 6. Nc3 d6 7. g3 Qc7 8. b3 b5
9. Bg2 Bb7 10. Qe2 bxc4 11. bxc4 Nbd7 12. Rb1 Rc8 13. O-O Ba8 14. Re1 Qxc4 15.
Qxc4 Rxc4 16. Nde2 Be7 17. f3 O-O 18. Ba3 Rfc8 19. Bb4 Bf8 20. Nd1 d5 21. Bxf8
Kxf8 22. Ne3 Ra4 23. exd5 Nxd5 24. Nc1 Nxe3 25. Rxe3 Rc2 26. a3 Bd5 27. Ne2 g5
28. g4 Rd2 29. Nc3 Rxa3 30. Nxd5 exd5 31. Ree1 d4 32. Rb7 {indescifrabil} 0-1

[Event "Arad PAB Romania Open 2012"]
[Site "Arad"]
[Date "2012.07.29"]
[Round "3.19"]
[White "Stegariu, Alexandru"]
[Black "Tarlev, Konstantin"]
[Result "0-1"]
[WhiteElo "2137"]
[BlackElo "2524"]
[PlyCount "50"]
[EventDate "2012.??.??"]

1. d4 Nf6 2. c4 e6 3. Nf3 Bb4+ 4. Nbd2 d5 5. e3 O-O 6. Bd3 b6 7. O-O Ba6 8. Qe2
c5 9. Nb3 cxd4 10. Nbxd4 Bd6 11. Nb5 Bxb5 12. cxb5 Nbd7 13. e4 dxe4 14. Bxe4
Nxe4 15. Qxe4 Nf6 16. Qb7 Nd5 17. Bd2 Qf6 18. Qc6 Bc5 19. Rab1 Qe7 20. b4 Rac8
21. bxc5 Rxc6 22. bxc6 bxc5 23. Rb7 Qd6 24. Rxa7 Qxc6 25. Rb1 c4 0-1

[Event "CN  juniori 2011 - B20"]
[Site "Caciulata"]
[Date "2011.04.17"]
[Round "9.3"]
[White "Anton, Teodor"]
[Black "Stegariu, Alexandru"]
[Result "1-0"]
[WhiteElo "2329"]
[BlackElo "2057"]
[PlyCount "121"]
[EventDate "2011.??.??"]

1. Nf3 Nf6 2. d4 g6 3. Nbd2 Bg7 4. e4 d6 5. Bd3 O-O 6. O-O Nbd7 7. c3 e5 8. Nb3
b6 9. Re1 Bb7 10. Qc2 Qe7 11. a4 c5 12. d5 Nh5 13. a5 Nf4 14. Bc4 f6 15. Nbd2
f5 16. a6 Bc8 17. Nf1 fxe4 18. Qxe4 Qf6 19. Ng3 Bh6 20. b3 Nh3+ 21. gxh3 Bxc1
22. Raxc1 Qxf3 23. Qxf3 Rxf3 24. Kg2 Rf4 25. Ne4 Rxe4 26. Rxe4 Nf6 27. Re3 Nh5
28. h4 Bd7 29. Be2 Nf4+ 30. Kg3 b5 31. c4 b4 32. Bg4 Be8 33. Re4 Kg7 34. Rce1
Kf6 35. Rxf4+ exf4+ 36. Kxf4 Bf7 37. Bd7 Rd8 38. Bc6 Rc8 39. Re2 Rd8 40. Bb5
Rb8 41. Ra2 Rb6 42. Bc6 h6 43. Bb7 Be8 44. Re2 Bd7 45. Ke3 Bf5 46. Kd2 Bd7 47.
f3 Kf7 48. Re3 Bf5 49. Ke2 Bd7 50. Kf2 Bf5 51. Kg3 Bd7 52. h5 g5 53. h4 gxh4+
54. Kxh4 Bf5 55. Kg3 Bd7 56. Kf4 Bh3 57. Re1 Bd7 58. Rg1 Be8 59. Rg6 Ba4 60.
bxa4 b3 61. Rg1 1-0

[Event "CN  juniori 2011 - B20"]
[Site "Caciulata"]
[Date "2011.04.15"]
[Round "7.5"]
[White "Stegariu, Alexandru"]
[Black "Stuparu, Cornelius Georgian"]
[Result "0-1"]
[WhiteElo "2057"]
[BlackElo "1955"]
[PlyCount "86"]
[EventDate "2011.??.??"]

1. d4 d5 2. c4 Nc6 3. e3 Nf6 4. Nc3 e6 5. Nf3 Be7 6. Bd3 O-O 7. O-O a6 8. b3 b6
9. Bb2 Bb7 10. Rc1 Nb4 11. Bb1 c5 12. a3 Nc6 13. cxd5 exd5 14. dxc5 Bxc5 15.
Na4 Be7 16. Bxf6 Bxf6 17. Rxc6 Bxc6 18. Qc2 Re8 19. Qxc6 Re6 20. Qc2 g6 21. Rd1
Rc8 22. Rxd5 Qxd5 23. Qxc8+ Kg7 24. Bc2 Rc6 25. Nxb6 Qc5 26. Nd7 Qd6 27. Qe8
Rxc2 28. g3 Rc7 29. Nxf6 Qxf6 30. Nd4 Rc1+ 31. Kg2 Ra1 32. a4 Ra2 33. Nf3 Qb2
34. Qe5+ Qxe5 35. Nxe5 Rb2 36. Nd3 Rxb3 37. Nc5 Rb6 38. Kf3 Rc6 39. Nb7 Rc4 40.
a5 Rc7 41. Nd6 Rc5 42. Ne8+ Kf8 43. Nf6 Rf5+ 0-1

[Event "CN  juniori 2011 - B20"]
[Site "Caciulata"]
[Date "2011.04.14"]
[Round "6.4"]
[White "Chifor, Ovidiu-Emanuel"]
[Black "Stegariu, Alexandru"]
[Result "1/2-1/2"]
[WhiteElo "2289"]
[BlackElo "2057"]
[PlyCount "33"]
[EventDate "2011.??.??"]

1. d4 Nf6 2. Bg5 e6 3. Nc3 Be7 4. e4 d6 5. Nf3 Nbd7 6. h3 b6 7. Be2 Bb7 8. Qd3
O-O 9. O-O c5 10. d5 exd5 11. exd5 Nxd5 12. Bxe7 Qxe7 13. Nxd5 Bxd5 14. Qxd5
Qxe2 15. Qxd6 Nf6 16. Qd1 Qb5 17. b3 1/2-1/2

[Event "CN  juniori 2011 - B20"]
[Site "Caciulata"]
[Date "2011.04.14"]
[Round "5.6"]
[White "Stegariu, Alexandru"]
[Black "Ursente, Tudor Alexandru"]
[Result "1/2-1/2"]
[WhiteElo "2057"]
[BlackElo "1933"]
[PlyCount "94"]
[EventDate "2011.??.??"]

1. d4 d5 2. c4 e6 3. Nc3 Nf6 4. Nf3 Be7 5. e3 Nbd7 6. Bd3 b6 7. O-O Bb7 8. b3
Rc8 9. Bb2 O-O 10. Qe2 c5 11. cxd5 Nxd5 12. Nxd5 Bxd5 13. Rfd1 cxd4 14. e4 Bb7
15. Nxd4 Qc7 16. Bc4 Nc5 17. Qg4 e5 18. Nf5 Bf6 19. Nd6 Rcd8 20. Nxb7 Qxb7 21.
Bd5 Qc8 22. Qg3 Qb8 23. Rac1 Rfe8 24. Qg4 Ne6 25. Rc6 Rd6 26. Bxe6 Rdxe6 27.
Rxe6 Rxe6 28. Rd5 h6 29. h3 Qc7 30. Qd1 Qc6 31. Qd3 Re8 32. Qb5 Qxb5 33. Rxb5
Kf8 34. Rd5 Re6 35. Kf1 Ke7 36. Ke2 g6 37. Ke3 Bg7 38. Ba3+ Ke8 39. Rd6 Rxd6
40. Bxd6 Kd7 41. Bb4 a6 42. Kd3 Kc6 43. Bd2 h5 44. a4 Kd7 45. Bg5 Kc6 46. Bd2
Kd7 47. Bb4 Kc6 1/2-1/2

[Event "CN  juniori 2011 - B20"]
[Site "Caciulata"]
[Date "2011.04.13"]
[Round "4.6"]
[White "Jacan, Alexandru-Vlad"]
[Black "Stegariu, Alexandru"]
[Result "0-1"]
[WhiteElo "1710"]
[BlackElo "2057"]
[PlyCount "108"]
[EventDate "2011.??.??"]

1. d4 Nf6 2. c4 g6 3. Nf3 Bg7 4. Nc3 O-O 5. Bf4 d6 6. h3 Nbd7 7. e3 b6 8. Be2
Bb7 9. O-O Re8 10. Qc2 e5 11. dxe5 Nxe5 12. Nxe5 dxe5 13. Rfd1 Qe7 14. Bg5 Qe6
15. Rd2 Bf8 16. a3 a5 17. Rad1 Bc6 18. Nd5 Bxd5 19. cxd5 Qd6 20. Bb5 Rec8 21.
Qa4 h6 22. Bxf6 Qxf6 23. Bc6 Rab8 24. b4 axb4 25. axb4 h5 26. b5 Bd6 27. Ra2
Qe7 28. e4 Qh4 29. Qc2 Bc5 30. Kf1 Qf4 31. Qd3 Rd8 32. Qf3 Qg5 33. Qg3 Qe7 34.
Rd3 Bd4 35. Rc2 Qb4 36. Rb3 Qa4 37. Qd3 Qa1+ 38. Ke2 Qg1 39. Qg3 Rd6 40. Rf3
Qb1 41. Kd2 Qb4+ 42. Ke2 Qb1 43. Kd2 Kg7 44. h4 Rf6 45. Rxf6 Kxf6 46. Qf3+ Kg7
47. Qd1 Qb3 48. Ke2 Rd8 49. Qd3 Qb1 50. Qd1 Qb4 51. Qd3 Rd6 52. g3 Rf6 53. Kf1
Qb1+ 54. Kg2 Rxf2+ 0-1

[Event "CN  juniori 2011 - B20"]
[Site "Caciulata"]
[Date "2011.04.12"]
[Round "2.5"]
[White "Miroiu, George Catalin"]
[Black "Stegariu, Alexandru"]
[Result "1-0"]
[WhiteElo "2312"]
[BlackElo "2057"]
[PlyCount "57"]
[EventDate "2011.??.??"]

1. d4 Nf6 2. c4 g6 3. Nc3 Bg7 4. e4 d6 5. f3 O-O 6. Be3 c6 7. Qd2 a6 8. O-O-O
b5 9. Kb1 Qa5 10. Nd5 Qd8 11. Nxf6+ exf6 12. g4 d5 13. exd5 cxd5 14. c5 f5 15.
g5 Nc6 16. f4 Qe7 17. Bg2 Be6 18. Nf3 a5 19. h4 a4 20. h5 Na5 21. Qf2 Nc4 22.
Ne5 Bxe5 23. dxe5 Nxe3 24. Qxe3 d4 25. Rxd4 Rac8 26. Rd6 Qc7 27. c6 Rcd8 28.
hxg6 Rxd6 29. exd6 1-0

[Event "CN Juniori U20"]
[Site "?"]
[Date "2011.04.12"]
[Round "?"]
[White "Stegariu, Alexandru"]
[Black "Chirita Mihaila, Marius Constantin"]
[Result "1/2-1/2"]
[WhiteElo "2057"]
[BlackElo "2088"]
[PlyCount "24"]
[EventDate "2011.??.??"]

1. d4 g6 2. c4 Bg7 3. Nf3 d6 4. e4 Nc6 5. d5 Nb8 6. Nc3 Nf6 7. Be2 O-O 8. O-O
c6 9. Be3 Bg4 10. Nd4 Bxe2 11. Qxe2 c5 12. Nc2 Ne8 1/2-1/2

[Event "CN  juniori 2011 - B20"]
[Site "Caciulata"]
[Date "2011.04.11"]
[Round "1.2"]
[White "Stegariu, Alexandru"]
[Black "Petrisor, Adrian-Marian"]
[Result "1/2-1/2"]
[WhiteElo "2057"]
[BlackElo "2385"]
[PlyCount "83"]
[EventDate "2011.??.??"]

1. d4 Nf6 2. c4 g6 3. Nc3 Bg7 4. e4 d6 5. Nf3 O-O 6. Be2 Na6 7. O-O e5 8. Re1
c6 9. Be3 exd4 10. Nxd4 Re8 11. f3 d5 12. cxd5 cxd5 13. Bb5 Bd7 14. Bxa6 bxa6
15. exd5 Re5 16. Nc6 Bxc6 17. dxc6 Qe8 18. Bd4 Rxe1+ 19. Qxe1 Qxc6 20. Qf2 Rd8
21. Bxa7 Nh5 22. Be3 Bxc3 23. bxc3 Qxc3 24. Rc1 Qd3 25. Bh6 Ng7 26. Bxg7 Kxg7
27. Qb2+ Rd4 28. h3 Qe3+ 29. Kh1 Qe5 30. Qa1 f6 31. Re1 Qd6 32. Qc3 Rd2 33. a3
Rd3 34. Qb4 Qxb4 35. axb4 Kf7 36. Ra1 Rd6 37. Kh2 Ke6 38. Ra5 Rb6 39. h4 Kd6
40. g4 Kc7 41. h5 g5 42. Kg3 1/2-1/2